000 01473nam a2200265Ia 4500
003 Ost
005 20260507075214.0
008 260507s9999||||xx |||||||||||||| ||und||
020 _a67149999579
040 _cfsecg
041 _aara
082 _a330
100 _aالطاهر، علاء فرج
_eمؤلف
245 0 _aإدارة المواد و الجودة الشاملة /
_c علاء فرج الطاهر
260 _aعمان:
_bدار الراية,
_c2007
300 _a184 صفحة؛
_bإيضاحات ؛
_c24 سم
504 _aمراجع ص.183
520 _aمفاهيم إدارية أساسية ، الاتصال مع العملاء المرتقبين ، إدارة المنشآت الصناعية و المخزون السلعي جرد المزاد و الرقابة على المخزون ، إدارة الموادو سلوك المستهلك الفردي ، مختصرات و مصطلحات الاستيراد و التصدير ، إدارة المواد و المناولة ، إدارةالمواد و الشراء ، ادارة الجودة كنظام و الابعاد الاستراتيجية لادارة الجودة ،نماذج عن ادارة الجودة الشاملة، ادارة اللوازم.
653 _aالأعمال ــ ادارة
653 _aالانتاج ــ ادارة
653 _aالإنتاج الصناعي
653 _aالمواد ــ ادارة
653 _aضبط الجودة
942 _cكتاب
999 _c43486
_d43486